| Поле | Инд. | ПП | Название | Значение |
|---|---|---|---|---|
| Тип записи | m | |||
| Библиографический уровень | m | |||
| 001 | Контрольный номер | RU/LIBMSTU/430846726 | ||
| 005 | Дата корректировки | 20250221155831.8 | ||
| 008 | Кодируемые данные | 131107|||||||||ru |||||||||||||||||rus|| | ||
| 040 | b | Код языка каталог. | rus | |
| 041 | 0_ | a | Код языка текста | rus |
| 084 | a | Индекс другой классификации/Индекс ББК | 94+65.050.1 | |
| 090 | x | Авторский знак | Т 41 | |
| 100 | 1_ | a | Автор | Тимаков И. В. |
| 245 | 10 | a | Заглавие | Региональная социально-экономическая политика в муниципальном образовании на рынке жилья |
| b | Продолж. заглавия | автореф. дис. ... канд. экон. наук : 08.00.05 | ||
| c | Ответственность | Ин-т экономики КарНЦ РАН | ||
| h | Физич. носитель | Электронный ресурс | ||
| 256 | a | Характеристики компьютерного файла | Электрон. текстовые дан. (1 файл : 493 Кб) | |
| 260 | a | Место издания | Петрозаводск | |
| c | Дата издания | 2013 | ||
| 500 | a | Примечание | URL: https://mstu.mauniver.ru/science/diss/d307_09_01/files/timakov.pdf. - Загл. с экрана. - Имеется печ. аналог 2013 г. | |
| 583 | x | Служебное примечание | Полнотекстовые документы | |
| x | Служебное примечание | Труды преподавателей МГТУ | ||
| 650 | 04 | a | Основная рубрика | Социально-экономическая политика-Рынок жилья-Карелия-Авторефераты диссертаций |
| 651 | _4 | a | Географическое наименование | Карелия |
| 653 | 0_ | a | Ключевые слова | Авторефераты диссертаций; Жилье; Муниципальное жилье; Муниципальные образования; Региональная экономическая политика; Рынок жилья; Социально-экономическая политика; Электронные версии |
| a | Ключевые слова | Труды преподавателей МГТУ | ||
| 856 | 40 | u | URL | https://mstu.mauniver.ru/science/diss/d307_09_01/files/timakov.pdf |
| 901 | t | Тип документа | r |